| 000 | 00414nam a2200133Ia 4500 | ||
|---|---|---|---|
| 008 | 230917s9999||||xx |||||||||||||| ||und|| | ||
| 040 |
_e233438 _aMAIN |
||
| 041 | _aEnglish | ||
| 082 | _a301.426 I2H | ||
| 100 | _aIndia Ministry of Health and Family Welfare | ||
| 245 | 0 | _aHealth and family welfare statistics in India 2015 | |
| 260 |
_aNew Delhi _bIndia Ministry of Health and Family Welfare _c2015 |
||
| 942 | _cBK | ||
| 999 |
_c168486 _d168486 |
||